• AIU
  • Tony Wilmot Memorial Library

Sentences in Swahili: (Record no. 37823)

MARC details
000 -LEADER
fixed length control field 00891nam a22002651a 4500
001 - CONTROL NUMBER
control field 4549864
005 - DATE AND TIME OF LATEST TRANSACTION
control field 20110718132555.0
008 - FIXED-LENGTH DATA ELEMENTS--GENERAL INFORMATION
fixed length control field 700226s1969 enk 000 0 eng
010 ## - LIBRARY OF CONGRESS CONTROL NUMBER
LC control number 71442922
015 ## - NATIONAL BIBLIOGRAPHY NUMBER
National bibliography number B69-20508
020 ## - INTERNATIONAL STANDARD BOOK NUMBER
International Standard Book Number 090187700X
035 ## - SYSTEM CONTROL NUMBER
-- (DLC) 71442922
040 ## - CATALOGING SOURCE
Original cataloging agency DLC
Transcribing agency DLC
Modifying agency DLC
041 0# - LANGUAGE CODE
Language code of text/sound track or separate title engswa
050 00 - LIBRARY OF CONGRESS CALL NUMBER
Classification number PL 8702.M33 1969
Item number PL 8702.M33 1969
082 00 - DEWEY DECIMAL CLASSIFICATION NUMBER
Classification number 496/.92/5
100 1# - MAIN ENTRY--PERSONAL NAME
Personal name Maw, Joan.
245 10 - TITLE STATEMENT
Title Sentences in Swahili:
Remainder of title a study of their internal relationships.
Statement of responsibility, etc Joan Maw.
Medium [Text]
260 ## - PUBLICATION, DISTRIBUTION, ETC. (IMPRINT)
Place of publication, distribution, etc London
Name of publisher, distributor, etc University of London, School of Oriental and African Studies
Date of publication, distribution, etc c1969
300 ## - PHYSICAL DESCRIPTION
Extent 142 p.
Dimensions 25 cm.
500 ## - GENERAL NOTE
General note Revision of author's thesis, University of London.
650 #0 - SUBJECT ADDED ENTRY--TOPICAL TERM
Topical term or geographic name as entry element Swahili Language
General subdivision Sentences.
906 ## - LOCAL DATA ELEMENT F, LDF (RLIN)
a 7
b cbc
c orignew
d u
e ncip
f 19
g y-gencatlg
991 ## -
-- c-GenColl
-- PL8702
-- .M33 1969
-- 00019445227
-- Copy 1
-- BOOKS
Holdings
Withdrawn status Lost status Source of classification or shelving scheme Damaged status Not for loan Collection code Home library Current library Shelving location Date acquired Source of acquisition Cost, normal purchase price Total Checkouts Total Renewals Full call number Barcode Date last seen Date checked out Copy number Price effective from Koha item type
    Library of Congress Classification     General Circulation AIU/NEGST - Tony Wilmot Memorial Library AIU/NEGST - Tony Wilmot Memorial Library General Stacks 11/20/2009 Donation 19.00 1 1 PL 8702.M33 1969 R07615X3232 09/26/2019 11/06/2018 1 11/20/2009 Africana collection (General)
    Library of Congress Classification     Special Collection AIU/NEGST - Tony Wilmot Memorial Library AIU/NEGST - Tony Wilmot Memorial Library Special Collection 02/19/2010 Donation- SIL 10.00     S PL 8702.M33 1969 R41284X3232 09/26/2019   1 02/19/2010 Africana Collection (Special)
    Library of Congress Classification     Special Collection AIU/NEGST - Tony Wilmot Memorial Library AIU/NEGST - Tony Wilmot Memorial Library Special Collection 06/21/2016 Donation- SIL Sudan 19.00     S PL 8702.M33 1969 R34799A3232 09/26/2019   1 07/23/2018 Africana Collection (Special)